| 000 | 00415cam a2200181ua 4500 | ||
|---|---|---|---|
| 020 | _c3.50 | ||
| 041 |
_ahin _h |
||
| 082 |
_a891.54 _bVAN/AN |
||
| 100 | _aVanphool, . | ||
| 245 |
_aAnudan / _cVanphool. _hTextual Documents |
||
| 250 |
_a1 / _b. |
||
| 260 |
_aCalcutta : _bBangeya hindi parishat , _c1963. |
||
| 300 | _a186 ; . | ||
| 365 | _a3.50 | ||
| 504 | _a | ||
| 942 | _cBK | ||
| 999 |
_c8455 _d8455 |
||